تز کر ہ صو فيا ء بہا ر (Record no. 181812)

MARC details
000 -LEADER
fixed length control field 00663nam a22001937a 4500
005 - DATE AND TIME OF LATEST TRANSACTION
control field 20211006142931.0
010 ## - LCCN (DPL NO)
LC control number UR-11269
020 ## - INTERNATIONAL STANDARD BOOK NUMBER
Terms of availability 450.00
International Standard Book Number 9789390533329
035 ## - SYSTEM CONTROL NUMBER
System control number U-9824
037 ## - SOURCE OF ACQUISITION
Source of stock number/acquisition DBAD/PUB
082 ## - DEWEY DECIMAL CLASSIFICATION NUMBER
Classification number 270.53
100 ## - MAIN ENTRY--PERSONAL NAME
Personal name محمد حفظ الر حمن
245 ## - TITLE STATEMENT
Title تز کر ہ صو فيا ء بہا ر
Statement of responsibility, etc محمد حفظ الر حمن
246 ## - VARYING FORM OF TITLE
Title proper/short title Tazkirah -e-Sufiya-e-Bihar Urdu)
Remainder of title by Mohd.Hifzur Rahman
260 ## - PUBLICATION, DISTRIBUTION, ETC. (IMPRINT)
Place of publication, distribution, etc Delhi
Date of publication, distribution, etc 2021 ء
Name of publisher, distributor, etc Educational Publishing House
270 ## - ADDRESS
Address 3191,Vakil Street,kucha pandit Lal kuan ,
City Delhi
Postal code 110006
Fax number -
300 ## - PHYSICAL DESCRIPTION
Extent 436 ص
Dimensions 22 Cm(Hb)
942 ## - ADDED ENTRY ELEMENTS (KOHA)
Source of classification or shelving scheme Dewey Decimal Classification
Item type Urdu Bks
Classification part 270.53
Call number suffix م ح م
Holdings
Withdrawn status Lost status Not for loan Collection code Home library Current library Date acquired Source of acquisition Cost, normal purchase price Full call number Barcode Copy number Cost, replacement price Koha item type
    Not For Loan Non-fiction D.B.Act.Division Central Library 06/10/2021 DBAD/PUB 450.00 270.53 م ح م U-9824 1 450.00 Urdu Bks

© Delhi Public Library
Hit Counter
free hit counter